Strzelcy bramek w 1 kolejce Ekstraklasy 2021/22 - Statystyki

Ogólne statystyki
  • Ten quiz został rozwiązany 26 razy
  • Średni wynik to 14 z 21
Statystyki odpowiedzi
Mecz Piłkarz % Poprawnych
Piast Gliwice - Raków Częstochowa 2:3 Ivi
85%
Jagiellonia Białystok - Lechia Gdańsk 1:1 Imaz
81%
Legia Warszawa - Wisła Płock 1:0 Muci
81%
Górnik Łęczna - Cracovia 1:0 Śpiączka
81%
Śląsk Wrocław - Warta Poznań 2:1 Exposito
77%
Jagiellonia Białystok - Lechia Gdańsk 0:1 Zwoliński
77%
Górnik Łęczna - Cracovia 1:1 Alvarez
73%
Termalica - Stal Mielec 1:0 Terpilowski
73%
Termalica - Stal Mielec 1:1 Tomasiewicz
73%
Wisła Kraków - Zagłębie Lubin 1:0 Yeboah
73%
Pogoń Szczecin - Górnik Zabrze 2:0 Kozłowski
69%
Pogoń Szczecin - Górnik Zabrze 1:0 Kucharczyk
69%
Piast Gliwice - Raków Częstochowa 1:0 Chrapek
65%
Piast Gliwice - Raków Częstochowa 1:1 Wdowiak
65%
Wisła Kraków - Zagłębie Lubin 2:0 Kliment
62%
Śląsk Wrocław - Warta Poznań 1:1 Pich
62%
Śląsk Wrocław - Warta Poznań 0:1 Grzesik
58%
Wisła Kraków - Zagłębie Lubin 3:0 Młyński
58%
Piast Gliwice - Raków Częstochowa 2:1 Sokołowski
50%
Piast Gliwice - Raków Częstochowa 2:2 Długosz
46%
Śląsk Wrocław - Warta Poznań 2:2 Czyżycki
42%
Nie znaleziono quizów pasujących do podanych kryteriów
Rozkład punktacji
Procent ludzi z każdym wynikiem
Percentyl według liczby udzielonych odpowiedzi
Twoja historia wyników
Nie rozwiązałeś tego quizu